[Event "Temuco op 2nd"]
[Site "Temuco"]
[Date "2025.01.10"]
[Round "1"]
[White "Castagnet, Carlos"]
[Black "Flores Quillas, Diego Saul Rodrigo"]
[Result "1-0"]
[WhiteElo "1732"]
[BlackElo "2431"]
[PlyCount "90"]
[EventDate "2025.01.10"]
[EventType "swiss"]
[EventRounds "9"]
[EventCountry "CHI"]
[SourceTitle "CB04_2025"]
[SourceDate "2025.01.22"]
[SourceVersion "1"]
[SourceVersionDate "2025.01.22"]
[SourceQuality "1"]

1. d4 Nf6 2. c4 c5 3. d5 e6 4. Nc3 exd5 5. cxd5 d6 6. e4 g6 7. Nf3 Bg7 8. Bg5 0-0 9. Bd3 h6 10. Bf4 Nh5 11. Be3 Bg4 12. h3 Bxf3 13. Qxf3 Nd7 14. 0-0 a6 15. a4 Ne5 16. Qe2 Qh4 17. Qd2 Nxd3 18. Qxd3 f5 19. f3 Be5 20. Ne2 fxe4 21. Qxe4 Qxe4 22. fxe4 Kg7 23. Rab1 Nf6 24. Nf4 Bxf4 25. Bxf4 Nxe4 26. Rbe1 Rfe8 27. Rf3 g5 28. Rfe3 gxf4 29. Rxe4 Rxe4 30. Rxe4 Rf8 31. Re6 Rf6 32. Re7+ Kg6 33. Kf2 b5 34. a5 Kf5 35. Kf3 Rg6 36. Kf2 c4 37. Re8 h5 38. h4 Rg3 39. Re6 Rb3 40. Rxd6 Rxb2+ 41. Kf3 Rb3+ 42. Kf2 Ke4 43. Rxa6 Rb2+ 44. Kf1 Kxd5 45. Ra8 c3 1-0

[Event "Montevideo Trebejos Autumn op"]
[Site "Montevideo"]
[Date "2023.05.03"]
[Round "1"]
[White "Volpe, Agustin"]
[Black "Castagnet, Carlos"]
[Result "0-1"]
[WhiteElo "1789"]
[BlackElo "1526"]
[PlyCount "142"]
[EventDate "2023.05.03"]
[EventType "swiss"]
[EventRounds "5"]
[EventCountry "URU"]
[SourceTitle "EXT 2024"]
[Source "ChessBase"]
[SourceDate "2023.10.10"]
[SourceVersion "1"]
[SourceVersionDate "2023.10.10"]
[SourceQuality "1"]

1. d4 Nf6 2. c4 e6 3. Nf3 c5 4. d5 exd5 5. cxd5 d6 6. Nc3 g6 7. h3 Bg7 8. e4 0-0 9. Be2 Re8 10. Qc2 Nbd7 11. 0-0 Ne5 12. Nxe5 Rxe5 13. Bf4 Re8 14. Bd3 a6 15. a4 Nh5 16. Bh2 Qg5 17. Qc1 Qxc1 18. Rfxc1 Be5 19. Bxe5 Rxe5 20. Ne2 Bd7 21. a5 Bb5 22. Bxb5 axb5 23. g4 Nf6 24. f3 Nxd5 25. Rd1 Nb4 26. Rxd6 Ra6 27. Rd8+ Kg7 28. Rb8 Re7 29. Nc3 Nc6 30. Rc8 b4 31. Nd5 Rd7 32. Kf1 f5 33. Kg2 fxe4 34. fxe4 Rf7 35. Kg3 Nd4 36. Rxc5 Nb3 37. Nxb4 Nxa1 38. Nxa6 bxa6 39. Rc6 Nb3 40. Rxa6 Nc5 41. Rb6 Nxe4+ 42. Kg2 Ra7 43. b4 Nf6 44. a6 Nd7 45. Rd6 Kf7 46. b5 Ke7 47. Rd1 Nc5 48. Ra1 Kd7 49. Kf3 Kc7 50. Kf4 Kb6 51. Rb1 Ne6+ 52. Ke5 Nc7 53. Rf1 Nxb5 54. Rf6+ Kc5 55. g5 Nd4 56. Kf4 Nc6 57. Ke4 Nb4 58. Ke5 Nxa6 59. Rf8 Rd7 60. Kf6 Rd3 61. Kg7 Rxh3 62. Rh8 Nc7 63. Rxh7 Ne6+ 64. Kg8 Rxh7 65. Kxh7 Nf4 66. Kg7 Kd5 67. Kf6 Ke4 68. Kg7 Kf5 69. Kh6 Ne6 70. Kh7 Kxg5 71. Kg8 Kf5 0-1

[Event "Montevideo op"]
[Site "Montevideo"]
[Date "2023.03.22"]
[Round "4"]
[White "Castagnet, Carlos"]
[Black "Estoyanoff, German"]
[Result "0-1"]
[WhiteElo "1563"]
[BlackElo "1579"]
[PlyCount "74"]
[EventDate "2023.03.01"]
[EventType "swiss"]
[EventRounds "5"]
[EventCountry "URU"]
[SourceTitle "EXT 2024"]
[Source "ChessBase"]
[SourceDate "2023.10.10"]
[SourceVersion "1"]
[SourceVersionDate "2023.10.10"]
[SourceQuality "1"]

1. d4 d5 2. c4 e6 3. Nf3 Nf6 4. Bg5 Be7 5. Nc3 0-0 6. e3 Nbd7 7. Bd3 Re8 8. 0-0 b6 9. cxd5 exd5 10. h3 Bb7 11. Rc1 Ne4 12. Bf4 Bd6 13. Bxd6 Nxd6 14. Nb5 Nxb5 15. Bxb5 f6 16. Bc6 Bxc6 17. Rxc6 Nb8 18. Rc3 Qd6 19. Qa4 c6 20. Rfc1 Rc8 21. b4 a5 22. b5 c5 23. Qa3 Nd7 24. dxc5 Rxc5 25. Rxc5 bxc5 26. Nd4 Rb8 27. Nb3 Rxb5 28. Qa4 Qb6 29. f4 Nf8 30. Kf2 Ne6 31. Rd1 c4 32. f5 Nc5 33. Nxc5 Qxc5 34. Kf3 g5 35. g4 Kf7 36. Rc1 Qc6 37. Kf2 Rb2+ 0-1

[Event "URU Regional Este"]
[Site "Punta del Este"]
[Date "2022.08.13"]
[Round "3"]
[White "Castagnet, Carlos"]
[Black "Cuello, Alberto"]
[Result "1/2-1/2"]
[WhiteElo "1620"]
[BlackElo "1692"]
[PlyCount "66"]
[EventDate "2022.08.12"]
[EventType "swiss"]
[EventRounds "5"]
[EventCountry "URU"]
[SourceTitle "EXT 2024"]
[Source "ChessBase"]
[SourceDate "2023.10.10"]
[SourceVersion "1"]
[SourceVersionDate "2023.10.10"]
[SourceQuality "1"]

1. d4 c5 2. e3 e6 3. c4 Nf6 4. Nc3 a6 5. a4 Be7 6. Nf3 b6 7. Be2 Bb7 8. 0-0 0-0 9. d5 d6 10. e4 exd5 11. exd5 Re8 12. Re1 h6 13. Bd3 Bc8 14. h3 Nbd7 15. Bf4 Nf8 16. Qc2 Bd7 17. Re3 Nh5 18. Bh2 Bg5 19. Rxe8 Bxe8 20. Nxg5 hxg5 21. Ne4 Nf4 22. g3 f5 23. gxf4 fxe4 24. Bxe4 gxf4 25. Bxf4 Qh4 26. Bxd6 Qxh3 27. Bf5 Qh5 28. Qe4 Bf7 29. Qg4 Qh6 30. Bxf8 Kxf8 31. Re1 Bh5 32. Qg3 Qf6 33. Be6 Rd8 1/2-1/2

[Event "Rio Negro Litoral op"]
[Site "Rio Negro"]
[Date "2022.08.07"]
[Round "5"]
[White "Castagnet, Carlos"]
[Black "Parrilla, Juan Jose"]
[Result "1/2-1/2"]
[WhiteElo "1620"]
[BlackElo "1635"]
[PlyCount "38"]
[EventDate "2022.08.06"]
[EventType "swiss"]
[EventRounds "5"]
[EventCountry "URU"]
[SourceTitle "EXT 2023"]
[Source "ChessBase"]
[SourceDate "2022.10.05"]
[SourceVersion "1"]
[SourceVersionDate "2022.10.05"]
[SourceQuality "1"]

1. d4 f5 2. c4 g6 3. Nc3 Nf6 4. Bg5 Bg7 5. Nf3 d6 6. e3 Nc6 7. Rb1 h6 8. Bxf6 Bxf6 9. Nd5 e6 10. Nxf6+ Qxf6 11. d5 Ne5 12. Nxe5 Qxe5 13. Qd4 Qxd4 14. exd4 exd5 15. cxd5 Bd7 16. Bd3 Kf7 17. Kd2 Rae8 18. Rhe1 Rxe1 19. Rxe1 Re8 1/2-1/2

[Event "Montevideo Duchamp Cup 5th"]
[Site "Montevideo"]
[Date "2022.02.18"]
[Round "8"]
[White "Castagnet, Carlos"]
[Black "Durante, Aurelio"]
[Result "0-1"]
[WhiteElo "1641"]
[BlackElo "1944"]
[PlyCount "96"]
[EventDate "2022.02.12"]
[EventType "swiss"]
[EventRounds "9"]
[EventCountry "URU"]
[SourceTitle "CBM 206 Extra"]
[Source "ChessBase"]
[SourceDate "2022.03.31"]
[SourceVersion "1"]
[SourceVersionDate "2022.03.31"]
[SourceQuality "1"]

1. d4 Nf6 2. c4 e6 3. Nc3 Bb4 4. Bd2 b6 5. Nf3 Bb7 6. e3 0-0 7. Be2 d6 8. Nb5 Bxd2+ 9. Qxd2 Nbd7 10. Nc3 Ne4 11. Nxe4 Bxe4 12. 0-0 f5 13. Ne1 Nf6 14. f3 Bb7 15. Nd3 Qe7 16. Rac1 Rad8 17. Qc3 c5 18. b4 Nd7 19. f4 Nf6 20. Nf2 Rd7 21. Rcd1 Rfd8 22. dxc5 dxc5 23. b5 Rxd1 24. Rxd1 Rxd1+ 25. Bxd1 Qd6 26. Qd3 Ne4 27. Qxd6 Nxd6 28. Be2 Kf7 29. Kf1 Kf6 30. g4 Be4 31. g5+ Ke7 32. Nd1 e5 33. Kf2 Bb1 34. Nc3 Ne4+ 35. Nxe4 fxe4 36. Ke1 exf4 37. exf4 Ke6 38. Bg4+ Kf7 39. a3 Bd3 40. Be2 Kg6 41. Bxd3 exd3 42. Kd2 Kf5 43. Kxd3 Kxf4 44. a4 h5 45. gxh6 gxh6 46. h3 h5 47. h4 Kf3 48. Kd2 Ke4 0-1

[Event "Montevideo Duchamp Cup 5th"]
[Site "Montevideo"]
[Date "2022.02.14"]
[Round "4"]
[White "Castagnet, Carlos"]
[Black "Meza, Anahi Silvina"]
[Result "0-1"]
[WhiteElo "1641"]
[BlackElo "1996"]
[PlyCount "86"]
[EventDate "2022.02.12"]
[EventType "swiss"]
[EventRounds "9"]
[EventCountry "URU"]
[SourceTitle "CBM 206 Extra"]
[Source "ChessBase"]
[SourceDate "2022.03.31"]
[SourceVersion "1"]
[SourceVersionDate "2022.03.31"]
[SourceQuality "1"]

1. d4 Nf6 2. c4 g6 3. Nf3 Bg7 4. Nc3 0-0 5. Bf4 d6 6. Qd2 Re8 7. Bh6 Bh8 8. e4 c5 9. d5 e6 10. Be2 exd5 11. exd5 Bf5 12. 0-0 Nbd7 13. Rfe1 Ng4 14. Bf4 Nge5 15. Nb5 Nxf3+ 16. Bxf3 Ne5 17. Be2 Qb6 18. h3 Rad8 19. g4 Bc8 20. Kg2 f5 21. g5 a6 22. Nc3 Qb4 23. Bxe5 Bxe5 24. f4 Bg7 25. Bd3 Bd7 26. Rac1 b5 27. b3 Rxe1 28. Qxe1 Re8 29. Qd2 Bd4 30. Nb1 Qxd2+ 31. Nxd2 Be3 32. Rc2 Bxf4 33. Nf3 Kf7 34. Re2 Rb8 35. h4 bxc4 36. Bxc4 Bb5 37. Rc2 Re8 38. a4 Bxc4 39. Rxc4 Re2+ 40. Kf1 Re4 41. Kg2 Be5 42. Rxe4 fxe4 43. Nxe5+ dxe5 0-1

[Event "Montevideo Glausura op"]
[Site "Montevideo"]
[Date "2019.11.08"]
[Round "2"]
[White "Olivera, Omar"]
[Black "Castagnet, Carlos"]
[Result "0-1"]
[WhiteElo "1305"]
[BlackElo "1633"]
[PlyCount "87"]
[EventDate "2019.11.04"]
[EventType "swiss"]
[EventRounds "6"]
[EventCountry "URU"]
[SourceTitle "CBM 193 Extra"]
[Source "ChessBase"]
[SourceDate "2020.01.31"]
[SourceVersion "1"]
[SourceVersionDate "2020.01.31"]
[SourceQuality "1"]

1. d4 d5 2. Bf4 Nf6 3. e3 e6 4. Nd2 c5 5. c3 Nc6 6. Bd3 Qb6 7. Rb1 c4 8. Bc2 Qa5 9. Ra1 b5 10. a3 Be7 11. h3 Bb7 12. Ngf3 Qd8 13. Ne5 a5 14. 0-0 Nb8 15. Qf3 Nbd7 16. g4 Nxe5 17. Bxe5 Bd6 18. Qf4 Bxe5 19. Qxe5 Qb8 20. Qg5 Rg8 21. Qh4 g5 22. Qh6 Ke7 23. Nf3 Qf8 24. Qxf8+ Raxf8 25. Ne5 Ne8 26. f4 f6 27. Nf3 h6 28. Kg2 Nd6 29. Rh1 Nf7 30. Kf2 Nd6 31. Raf1 Ne4+ 32. Bxe4 dxe4 33. Nd2 f5 34. Ke2 Rh8 35. h4 gxf4 36. Rxf4 Rhg8 37. Rg1 Bc8 38. g5 Rg6 39. Rf2 e5 40. Rgf1 hxg5 41. hxg5 Rxg5 42. Nxe4 Rg4 43. Nd2 Kd6 44. dxe5+ 0-1

[Event "Montevideo Nazzari Memorial"]
[Site "Montevideo"]
[Date "2019.03.22"]
[Round "6"]
[White "Zaruski, Julio"]
[Black "Castagnet, Carlos"]
[Result "1-0"]
[WhiteElo "1826"]
[BlackElo "1666"]
[PlyCount "53"]
[EventDate "2019.03.11"]
[EventType "swiss"]
[EventRounds "7"]
[EventCountry "URU"]
[SourceTitle "CBM 189 Extra"]
[Source "ChessBase"]
[SourceDate "2019.05.31"]
[SourceVersion "1"]
[SourceVersionDate "2019.05.31"]
[SourceQuality "1"]

1. c4 e5 2. g3 Bc5 3. Bg2 f5 4. d3 c6 5. Nc3 a5 6. Nf3 d6 7. 0-0 Nf6 8. d4 exd4 9. Nxd4 0-0 10. Bg5 Na6 11. e4 h6 12. Be3 Ng4 13. Nxf5 Bxf5 14. Bxc5 Nxc5 15. exf5 Ne5 16. Ne4 Ncd3 17. f6 g6 18. Qb3 a4 19. Qc2 d5 20. cxd5 cxd5 21. Nc3 Rxf6 22. Rad1 Nb4 23. Qe2 Nbc6 24. Bxd5+ Kg7 25. Bxc6 Qc7 26. Bg2 Qf7 27. Qxe5 1-0

[Event "Montevideo Nazzari Memorial"]
[Site "Montevideo"]
[Date "2019.03.13"]
[Round "2"]
[White "Castagnet, Carlos"]
[Black "Da Luz, Fabio"]
[Result "1-0"]
[WhiteElo "1666"]
[BlackElo "1476"]
[PlyCount "43"]
[EventDate "2019.03.11"]
[EventType "swiss"]
[EventRounds "7"]
[EventCountry "URU"]
[SourceTitle "CBM 189 Extra"]
[Source "ChessBase"]
[SourceDate "2019.05.31"]
[SourceVersion "1"]
[SourceVersionDate "2019.05.31"]
[SourceQuality "1"]

1. e4 c5 2. c3 d6 3. d4 cxd4 4. cxd4 Nc6 5. Nf3 Nf6 6. Nc3 e6 7. a3 a5 8. Bb5 d5 9. Bg5 Be7 10. Ne5 Bd7 11. Nxd7 Nxd7 12. Bxe7 Nxe7 13. Qa4 Rc8 14. 0-0 Nc6 15. exd5 Nb6 16. dxc6 Nxa4 17. c7+ Qd7 18. Bxd7+ Kxd7 19. Nxa4 Rxc7 20. Rac1 b5 21. Rxc7+ Kxc7 22. Nc5 1-0

[Event "Montevideo Trebejos Verano op"]
[Site "Montevideo"]
[Date "2019.01.30"]
[Round "6"]
[White "Castagnet, Carlos"]
[Black "Avedisian, Alexander"]
[Result "0-1"]
[WhiteElo "1678"]
[BlackElo "1921"]
[PlyCount "106"]
[EventDate "2019.01.18"]
[EventType "swiss"]
[EventRounds "7"]
[EventCountry "URU"]
[SourceTitle "CBM 188 Extra"]
[Source "ChessBase"]
[SourceDate "2019.02.28"]
[SourceVersion "1"]
[SourceVersionDate "2019.02.28"]
[SourceQuality "1"]

1. e4 c5 2. c3 d5 3. exd5 Qxd5 4. Nf3 g6 5. Be2 Bg7 6. Na3 Nh6 7. Bc4 Qe4+ 8. Qe2 Qxe2+ 9. Bxe2 a6 10. d4 cxd4 11. Nxd4 0-0 12. Be3 e5 13. Nf3 Nc6 14. Nc4 Nf5 15. Bb6 e4 16. Nfd2 Re8 17. 0-0 Ne5 18. Nxe5 Rxe5 19. Nc4 Re6 20. Rad1 h5 21. Rd8+ Kh7 22. Rfd1 Bf6 23. R8d5 Rc6 24. Rc5 Rxc5 25. Bxc5 b5 26. Nb6 Rb8 27. Nd7 Bxd7 28. Rxd7 Kg7 29. g3 Rc8 30. Rd5 Rc6 31. Bxh5 Be7 32. b4 Bxc5 33. bxc5 Ne7 34. Re5 Kf6 35. Rxe4 gxh5 36. a4 Rxc5 37. axb5 axb5 38. Rf4+ Kg6 39. Re4 Nd5 40. Re5 f6 41. Re8 Nxc3 42. Rb8 Nd5 43. Kf1 b4 44. Ke2 Rc2+ 45. Kf3 Kf5 46. Rb5 Rc3+ 47. Ke2 Ke4 48. Kd2 Rf3 49. Ke1 f5 50. Rb8 Rd3 51. h3 Kf3 52. Rb5 Nc3 53. Rxf5+ Kg2 0-1

[Event "Montevideo Trebejos Verano op"]
[Site "Montevideo"]
[Date "2019.01.28"]
[Round "5"]
[White "Castagnet, Carlos"]
[Black "Umpierrez, Melina"]
[Result "1-0"]
[WhiteElo "1678"]
[BlackElo "1062"]
[PlyCount "91"]
[EventDate "2019.01.18"]
[EventType "swiss"]
[EventRounds "7"]
[EventCountry "URU"]
[SourceTitle "CBM 188 Extra"]
[Source "ChessBase"]
[SourceDate "2019.02.28"]
[SourceVersion "1"]
[SourceVersionDate "2019.02.28"]
[SourceQuality "1"]

1. d4 d5 2. c4 e6 3. Bf4 Nc6 4. e3 a6 5. a3 h6 6. b4 Bd7 7. c5 Nf6 8. Nc3 b6 9. Nf3 Be7 10. Bd3 0-0 11. h3 Bc8 12. 0-0 Bb7 13. Bc2 a5 14. b5 Na7 15. c6 Bc8 16. Qd3 Re8 17. a4 Bf8 18. Be5 g6 19. Nh4 Bg7 20. Ne2 Nxc6 21. bxc6 Ba6 22. Qd2 Bxe2 23. Qxe2 Qe7 24. Nf3 Ra7 25. Rfc1 Rb8 26. Nd2 Qe8 27. Bd3 Qe7 28. Ba6 Rba8 29. Bb7 Rb8 30. Rab1 Ne8 31. Bg3 Qd8 32. Rxb6 Nd6 33. Bxd6 Qxd6 34. Rbb1 Bf8 35. Nb3 Qd8 36. Nc5 Bxc5 37. Rxc5 Qd6 38. Qe1 Kg7 39. Rxa5 Rxa5 40. Qxa5 Qd8 41. Qb5 Qd6 42. Qc5 Qd8 43. a5 Qe8 44. a6 Rd8 45. a7 Kg8 46. Ra1 1-0